[Event "Piacenza Region-ch"]
[Site "Piacenza"]
[Date "2024.01.28"]
[Round "4"]
[White "Cuccu, Maria"]
[Black "Gemma, Michele"]
[Result "0-1"]
[WhiteElo "1446"]
[BlackElo "1088"]
[PlyCount "126"]
[EventDate "2024.01.26"]
[EventType "swiss"]
[EventRounds "5"]
[EventCountry "ITA"]
[SourceTitle "CB06_2024"]
[SourceDate "2024.02.07"]
[SourceVersion "1"]
[SourceVersionDate "2024.02.07"]
[SourceQuality "1"]

1. e4 e5 2. Nf3 Nc6 3. Bc4 Bc5 4. b4 Bxb4 5. c3 Ba5 6. d4 exd4 7. Qb3 h6 8. Bxf7+ Kf8 9. Bg6 Qf6 10. Nh4 dxc3 11. 0-0 Nge7 12. Ba3 d6 13. Bh5 g6 14. Bf3 Qxh4 15. Nxc3 Nd4 16. Qb2 Nxf3+ 17. gxf3 Bb6 18. Ne2 Rh7 19. Ng3 Kg8 20. Qb3+ Rf7 21. e5 Qf4 22. e6 Rf6 23. Ne4 Rxe6 24. Bb2 d5 25. Qc3 d4 26. Qb3 Bd7 27. Rae1 Qf5 28. Kg2 Nd5 29. Ng3 Nf4+ 30. Kh1 Qh3 31. Rg1 Rae8 32. Re4 g5 33. Nf1 Bc6 34. Rxf4 Kg7 35. Qd3 Rf8 36. Bxd4+ Bxd4 37. Qxd4+ Ref6 38. Rxf6 Rxf6 39. Nd2 Bxf3+ 40. Nxf3 Qxf3+ 41. Rg2 Kg6 42. h4 Rd6 43. Qe3 Qxe3 44. fxe3 Kf5 45. Rb2 b6 46. Rc2 c5 47. Kg2 gxh4 48. Kf3 h3 49. Rh2 c4 50. a4 c3 51. Rc2 h2 52. Rxh2 Rd2 53. Rh5+ Kg6 54. Rh1 c2 55. Rc1 Kf5 56. e4+ Ke5 57. Ke3 Rh2 58. Kd3 h5 59. Re1 h4 60. Ke3 h3 61. Kf3 Rd2 62. Rc1 h2 63. Ke3 Rd1 0-1

[Event "ITA-ch U16"]
[Site "Montesilvano"]
[Date "2015.07.04"]
[Round "8"]
[White "Cuccu, Maria"]
[Black "Di Benedetto, Desiree"]
[Result "0-1"]
[WhiteElo "1552"]
[BlackElo "2114"]
[PlyCount "118"]
[EventDate "2015.06.29"]
[EventType "swiss"]
[EventRounds "9"]
[EventCountry "ITA"]
[SourceTitle "EXT 2024"]
[Source "ChessBase"]
[SourceDate "2023.10.10"]
[SourceVersion "1"]
[SourceVersionDate "2023.10.10"]
[SourceQuality "1"]

1. c4 e5 2. g3 Nf6 3. Bg2 Nc6 4. d3 Bc5 5. Nc3 h6 6. Nf3 d6 7. 0-0 a5 8. b3 0-0 9. Bb2 Bg4 10. a3 Qd7 11. Qc2 Bxf3 12. Bxf3 Nd4 13. Qd1 Nxf3+ 14. exf3 Bd4 15. Qc2 Qf5 16. Kg2 Bxc3 17. Bxc3 Nh7 18. Bd2 Rfe8 19. Rfe1 Re6 20. Bc1 Ng5 21. Bxg5 hxg5 22. Rh1 Rh6 23. h3 c6 24. a4 Rd8 25. Qe2 d5 26. Rad1 dxc4 27. dxc4 Rhd6 28. Rhe1 Rd3 29. Rxd3 Rxd3 30. Qe4 Qxe4 31. Rxe4 Rxb3 32. Rxe5 Rb4 33. Rxa5 Rxc4 34. Ra8+ Kh7 35. Rb8 Rb4 36. a5 Rb5 37. Kf1 Kg6 38. Ke2 Kf6 39. Kd3 Ke6 40. Kc4 Kd6 41. Ra8 Rf5 42. Ra7 Kc7 43. a6 Kb6 44. Rxb7+ Kxa6 45. Rb3 Rb5 46. Rxb5 cxb5+ 47. Kb4 Kb6 48. h4 gxh4 49. gxh4 f5 50. f4 Kc6 51. h5 Kb6 52. f3 Kc6 53. Kb3 Kc5 54. Ka3 Kc4 55. Kb2 Kd3 56. Kb3 Ke3 57. Kb4 Kxf3 58. Kxb5 Kxf4 59. Kc4 Ke5 0-1